[Event "Jm KP I 23-24 Rudice-Loko Brno B"]
[Site "?"]
[Date "2024.03.03"]
[Round "53.1"]
[White "Rada, Michal"]
[Black "Pribyl, Rene"]
[Result "1-0"]
[WhiteElo "2073"]
[BlackElo "1918"]
[PlyCount "41"]
[EventDate "2023.10.22"]

1. e4 e5 2. Nf3 Nf6 3. Nxe5 d6 4. Nf3 Nxe4 5. d4 d5 6. Bd3 Be7 7. O-O O-O 8. c4
c6 9. Nc3 Nxc3 10. bxc3 Bg4 11. Bf4 b6 12. Re1 Nd7 13. cxd5 cxd5 14. h3 Bh5 15.
Ba6 Nf6 16. Bb7 Ne4 17. Qb3 Bd6 18. Bxa8 Qxa8 19. Bxd6 Nxd6 20. Nd2 Qc6 21. Re5
1-0

[Event "Jm KP I 23-24 Rudice-Loko Brno B"]
[Site "?"]
[Date "2024.03.03"]
[Round "53.2"]
[White "Vesely, Jaromir"]
[Black "Bohacek, Milan"]
[Result "1-0"]
[WhiteElo "1906"]
[BlackElo "2028"]
[PlyCount "113"]
[EventDate "2023.10.22"]

1. d4 f5 2. e4 fxe4 3. Nc3 Nf6 4. Bg5 d5 5. Bxf6 exf6 6. Qh5+ g6 7. Qxd5 Nc6 8.
Qxd8+ Kxd8 9. Nxe4 Bb4+ 10. Nc3 Re8+ 11. Nge2 a5 12. O-O-O Ne7 13. a3 Bd6 14.
Ne4 Rf8 15. Nxd6 cxd6 16. Nc3 Bf5 17. f3 Rc8 18. g4 Bd7 19. d5 f5 20. g5 Rc5
21. f4 b5 22. Bg2 Nc8 23. Rd4 Re8 24. Kd2 Nb6 25. b3 a4 26. h4 Ke7 27. Re1+ Kf7
28. Rxe8 Bxe8 29. Bf1 Ke7 30. b4 Rc8 31. Nxb5 Bf7 32. c4 Kd7 33. Na7 Rc7 34.
Nc6 Rc8 35. Bg2 Kc7 36. Na7 Rb8 37. Nb5+ Kd7 38. c5 dxc5 39. bxc5 Nc4+ 40. Rxc4
Rxb5 41. c6+ Kc8 42. Rxa4 Bxd5 43. Bxd5 Rxd5+ 44. Ke3 Kc7 45. Ra7+ Kxc6 46.
Rxh7 Ra5 47. Rh6 Kd5 48. Rxg6 Rxa3+ 49. Kd2 Ke4 50. h5 Kxf4 51. h6 Ra2+ 52. Kc1
Ra1+ 53. Kb2 Rh1 54. Rg7 Kg4 55. h7 f4 56. g6 f3 57. Rf7 1-0

[Event "Jm KP I 23-24 Rudice-Loko Brno B"]
[Site "?"]
[Date "2024.03.03"]
[Round "53.3"]
[White "Can, Vaclav"]
[Black "Marsa, Alexandr"]
[Result "1/2-1/2"]
[WhiteElo "1934"]
[BlackElo "1965"]
[PlyCount "22"]
[EventDate "2023.10.22"]

1. e4 e6 2. d4 d5 3. Nd2 a6 4. Bd3 c5 5. c3 Nc6 6. Ngf3 Nf6 7. O-O cxd4 8. cxd4
dxe4 9. Nxe4 Be7 10. Be3 O-O 11. a3 Qd5 1/2-1/2

[Event "Jm KP I 23-24 Rudice-Loko Brno B"]
[Site "?"]
[Date "2024.03.03"]
[Round "53.4"]
[White "Lisik, Miroslav"]
[Black "Polach, Danes"]
[Result "1/2-1/2"]
[WhiteElo "1870"]
[BlackElo "1951"]
[PlyCount "42"]
[EventDate "2023.10.22"]

1. e4 c5 2. Nf3 d6 3. d4 cxd4 4. Nxd4 Nf6 5. Nc3 e6 6. Be2 Be7 7. Be3 O-O 8. f4
Nc6 9. Qd2 e5 10. Nxc6 bxc6 11. O-O-O Ng4 12. Bxg4 Bxg4 13. Rdf1 exf4 14. Bxf4
Be6 15. Kb1 d5 16. exd5 cxd5 17. Nb5 Qb6 18. Nd4 Bf6 19. c3 Bxd4 20. Qxd4 Qxd4
21. cxd4 Bf5+ 1/2-1/2

[Event "Jm KP I 23-24 Rudice-Loko Brno B"]
[Site "?"]
[Date "2024.03.03"]
[Round "53.5"]
[White "Hnilicka, Michal"]
[Black "Licka, Vlastimil"]
[Result "0-1"]
[WhiteElo "1901"]
[BlackElo "1908"]
[PlyCount "119"]
[EventDate "2023.10.22"]

1. e4 c5 2. d4 cxd4 3. c3 dxc3 4. Nxc3 Nc6 5. Bc4 e6 6. Nf3 Qc7 7. O-O a6 8.
Qe2 d6 9. Bf4 Ne5 10. Bb3 Ne7 11. Rac1 Qa5 12. Nxe5 dxe5 13. Bd2 Nc6 14. Na4
Bb4 15. Bxb4 Qxb4 16. Rc4 Qa5 17. Rc5 Qd8 18. Rd1 Nd4 19. Qe3 f6 20. f4 b6 21.
Rcc1 O-O 22. f5 Qd6 23. Kf2 Kh8 24. g4 Bd7 25. Nc3 Rac8 26. Rd2 Qb4 27. Rcd1
Qc5 28. Na4 Bxa4 29. Bxa4 exf5 30. gxf5 b5 31. Bb3 a5 32. Rg1 Nxb3 33. axb3
Qxe3+ 34. Kxe3 Rfd8 35. Rgd1 Rxd2 36. Rxd2 g6 37. Rd6 Kg7 38. Rb6 b4 39. Kd3
Rd8+ 40. Ke3 gxf5 41. exf5 Rd5 42. Ra6 h5 43. h3 Rd4 44. Rxa5 Kh6 45. Ra1 Rh4
46. Rg1 Rxh3+ 47. Ke4 Rh4+ 48. Kd5 Rg4 49. Rc1 h4 50. Ke6 Kg5 51. Rc8 h3 52.
Rg8+ Kh4 53. Rh8+ Kg3 54. Kxf6 e4 55. Ke5 e3 56. f6 e2 57. f7 e1=Q+ 58. Kd6 Rf4
59. Rg8+ Kf3 60. f8=Q 0-1

[Event "Jm KP I 23-24 Rudice-Loko Brno B"]
[Site "?"]
[Date "2024.03.03"]
[Round "53.6"]
[White "Blazek, Pavel"]
[Black "Matuska, Jan"]
[Result "1-0"]
[WhiteElo "1849"]
[BlackElo "1894"]
[PlyCount "121"]
[EventDate "2023.10.22"]

1. e4 e5 2. Nc3 Nf6 3. a3 Bc5 4. Nf3 d6 5. d4 exd4 6. Nxd4 h6 7. Bc4 O-O 8. O-O
a6 9. h3 Bxd4 10. Qxd4 Nc6 11. Qd1 Re8 12. Re1 Ne5 13. Bb3 Be6 14. Bxe6 Rxe6
15. Nd5 Nxd5 16. exd5 Rg6 17. f4 Nd7 18. Qf3 Qh4 19. Re3 Rf6 20. Re2 Rg6 21.
Kh2 Rf6 22. Re4 Rf5 23. c4 Kf8 24. Bd2 h5 25. Rae1 Nc5 26. R4e2 g5 27. g3 g4
28. Qxg4 Qxg4 29. hxg4 hxg4 30. Bc3 Nd3 31. Rd1 Nc5 32. Kg2 Rh5 33. b4 Na4 34.
Bf6 Re8 35. Bg7+ Kxg7 36. Rxe8 Kg6 37. Rc8 Nb2 38. Rd4 b5 39. cxb5 axb5 40.
Rxc7 Nc4 41. Rc6 Kg7 42. Rc7 Kf6 43. Rd3 Nb2 44. Rd4 Nc4 45. a4 Ne3+ 46. Kg1
Nxd5 47. Rc6 Ke7 48. a5 Kd7 49. Rc2 Ne3 50. Rcd2 Nc4 51. Rh2 Rxh2 52. Kxh2 Kc6
53. Kg1 Ne3 54. Kf2 Nc2 55. Re4 d5 56. Re7 Nxb4 57. Rxf7 d4 58. Ke2 Kd5 59. Rf6
Nc6 60. Rxc6 Kxc6 61. Kd3 1-0

[Event "Jm KP I 23-24 Rudice-Loko Brno B"]
[Site "?"]
[Date "2024.03.03"]
[Round "53.7"]
[White "Nejezchleb, Drahos"]
[Black "Janicek, Lubomir"]
[Result "1/2-1/2"]
[WhiteElo "1955"]
[BlackElo "1851"]
[PlyCount "27"]
[EventDate "2023.10.22"]

1. e4 Nf6 2. Nc3 d5 3. exd5 Nxd5 4. Bc4 e6 5. d4 Nc6 6. Nf3 Be7 7. O-O O-O 8.
Ne4 Nf6 9. Nxf6+ Bxf6 10. c3 e5 11. dxe5 Nxe5 12. Nxe5 Bxe5 13. Qxd8 Rxd8 14.
Be3 1/2-1/2

[Event "Jm KP I 23-24 Rudice-Loko Brno B"]
[Site "?"]
[Date "2024.03.03"]
[Round "53.8"]
[White "Stoudek, Michal"]
[Black "Toulec, Richard"]
[Result "1/2-1/2"]
[WhiteElo "1668"]
[BlackElo "1792"]
[PlyCount "30"]
[EventDate "2023.10.22"]

1. c4 e5 2. Nc3 Nf6 3. g3 Bc5 4. Bg2 c6 5. d3 h6 6. Nf3 d6 7. O-O Be6 8. e3 Qd7
9. d4 exd4 10. exd4 Bb4 11. Qb3 Bxc3 12. Qxc3 O-O 13. Re1 Na6 14. b3 Bg4 15.
Bb2 Rfe8 1/2-1/2

[Event "Jm KP I 23-24 Letovice-Duras B "]
[Site "?"]
[Date "2024.03.03"]
[Round "54.1"]
[White "Havel, Jan"]
[Black "Tikovsky, Alexandr"]
[Result "1/2-1/2"]
[WhiteElo "1774"]
[BlackElo "2045"]
[PlyCount "119"]
[EventDate "2024.??.??"]

1. d4 d5 2. Bf4 c5 3. e3 cxd4 4. exd4 Nc6 5. Nf3 Bf5 6. Bd3 Bxd3 7. Qxd3 e6 8.
c3 Bd6 9. Bxd6 Qxd6 10. Qe2 Nge7 11. O-O O-O 12. Re1 Rab8 13. Nbd2 b5 14. a3
Rfc8 15. Nb3 Ng6 16. g3 a5 17. Ne5 Ncxe5 18. dxe5 Qc7 19. Rac1 Nf8 20. Qd3 Nd7
21. f4 Qc4 22. Qd1 Ra8 23. Nd2 Qc5+ 24. Kf1 Nb6 25. Qe2 Na4 26. Rc2 b4 27. axb4
axb4 28. Nb3 Qc4 29. Qxc4 Rxc4 30. Rec1 bxc3 31. bxc3 Rac8 32. Nd4 Nxc3 33. Nf3
Kf8 34. Ke1 Ke7 35. Ng5 f6 36. Nf3 h5 37. Nh4 g5 38. exf6+ Kxf6 39. Ng2 R8c5
40. Kd2 Ne4+ 41. Kd3 Nf2+ 42. Kd2 Rxc2+ 43. Rxc2 Rxc2+ 44. Kxc2 e5 45. fxe5+
Kxe5 46. Kd2 Ke4 47. Ke2 Nd3 48. h4 g4 49. Ne3 Nc1+ 50. Kd2 d4 51. Ng2 Nb3+ 52.
Kc2 Nc5 53. Nf4 Ke3 54. Nxh5 d3+ 55. Kc1 Ke2 56. Nf4+ Ke1 57. Ng2+ Kf2 58. h5
Ne4 59. h6 Nf6 60. Nf4 1/2-1/2

[Event "Jm KP I 23-24 Letovice-Duras B "]
[Site "?"]
[Date "2024.03.03"]
[Round "54.2"]
[White "Novy, Martin"]
[Black "Dobes, Dusan"]
[Result "1-0"]
[WhiteElo "2079"]
[BlackElo "2069"]
[PlyCount "47"]
[EventDate "2024.??.??"]

1. e4 Nf6 2. e5 Nd5 3. g3 d6 4. exd6 Qxd6 5. Bg2 Nc6 6. d4 Bf5 7. Nf3 O-O-O 8.
O-O Ndb4 9. Na3 e5 10. c3 Nd3 11. Qa4 exd4 12. Nb5 Qc5 13. Nfxd4 Nxd4 14. Nxd4
Bg6 15. Be3 Nxb2 16. Qb3 Qb6 17. Nb5 Bc5 18. Bxc5 Qxc5 19. Qxb2 Bd3 20. Nd4
Bxf1 21. Qxb7+ Kd7 22. Rxf1 Rb8 23. Qf3 f6 24. Qg4+ 1-0

[Event "Jm KP I 23-24 Letovice-Duras B "]
[Site "?"]
[Date "2024.03.03"]
[Round "54.3"]
[White "Handl, Martin"]
[Black "Tuma, Miroslav"]
[Result "1-0"]
[WhiteElo "1997"]
[BlackElo "1890"]
[PlyCount "133"]
[EventDate "2024.??.??"]

1. e4 c5 2. Nf3 d6 3. d4 cxd4 4. Nxd4 Nf6 5. Nc3 e5 6. Ndb5 a6 7. Na3 Be6 8.
Bg5 Be7 9. Bxf6 Bxf6 10. Nc4 Be7 11. Nd5 b5 12. Nce3 O-O 13. Be2 Nd7 14. O-O
Nf6 15. Nxf6+ Bxf6 16. a4 Qb6 17. b3 b4 18. Bc4 Rfd8 19. Qd3 a5 20. Bd5 Ra7 21.
Nc4 Qd4 22. Rad1 Qxd3 23. Rxd3 Be7 24. Rfd1 Rc8 25. R1d2 Bd7 26. Rf3 Be8 27. g3
g6 28. h4 h5 29. Kf1 Kg7 30. Ke2 Rc5 31. Kd1 Bf8 32. Rfd3 Rc8 33. Ne3 Bc6 34.
Bxc6 Rxc6 35. Nc4 Raa6 36. Rd5 Rc5 37. Nxd6 Rxd5 38. Ne8+ Kg8 39. Rxd5 f6 40.
Nc7 Rc6 41. Nb5 Kf7 42. Rd7+ Ke6 43. Rc7 Rxc7 44. Nxc7+ Kd6 45. Nb5+ Kc6 46.
Ke2 g5 47. g4 hxg4 48. hxg5 fxg5 49. Kf1 g3 50. fxg3 g4 51. Ke2 Bc5 52. c3 Be7
53. Kd3 Bc5 54. cxb4 Bxb4 55. Nc3 Kc5 56. Nd5 Be1 57. Ne3 Bxg3 58. Nxg4 Kb4 59.
Kc2 Bf4 60. Nf2 Bg3 61. Nd3+ Ka3 62. Kc3 Bh2 63. Nb2 Bg3 64. Nc4+ Ka2 65. Kc2
Be1 66. Nxe5 Ka3 67. Nc6 1-0

[Event "Jm KP I 23-24 Letovice-Duras B "]
[Site "?"]
[Date "2024.03.03"]
[Round "54.4"]
[White "Chmelicek, Bronislav"]
[Black "Sevcik, Leos"]
[Result "1/2-1/2"]
[WhiteElo "1909"]
[BlackElo "1995"]
[PlyCount "23"]
[EventDate "2024.??.??"]

1. e4 d5 2. exd5 Qxd5 3. Nc3 Qa5 4. d4 c6 5. Nf3 Bg4 6. Be2 Nf6 7. O-O e6 8. h3
Bh5 9. Ne5 Bxe2 10. Qxe2 Be7 11. Ne4 Nxe4 12. Qxe4 1/2-1/2

[Event "Jm KP I 23-24 Letovice-Duras B "]
[Site "?"]
[Date "2024.03.03"]
[Round "54.5"]
[White "Pucalka, Vojtech"]
[Black "Hyrs, Martin"]
[Result "1/2-1/2"]
[WhiteElo "1889"]
[BlackElo "1894"]
[PlyCount "26"]
[EventDate "2024.??.??"]

1. e4 e5 2. Nf3 Nf6 3. Nxe5 d6 4. Nf3 Nxe4 5. d4 d5 6. Bd3 Be7 7. O-O Bf5 8.
Nbd2 Nc6 9. Re1 Nxd2 10. Qxd2 Bxd3 11. Qxd3 O-O 12. Bf4 f6 13. Re2 Qd7 1/2-1/2

[Event "Jm KP I 23-24 Letovice-Duras B "]
[Site "?"]
[Date "2024.03.03"]
[Round "54.6"]
[White "Moulis, Rudolf"]
[Black "Slouka, Lukas"]
[Result "0-1"]
[WhiteElo "1904"]
[BlackElo "1915"]
[PlyCount "52"]
[EventDate "2024.??.??"]

1. e4 b6 2. d4 Bb7 3. Bd3 Nf6 4. Nc3 e6 5. Nge2 d5 6. Bg5 h6 7. Bxf6 Qxf6 8.
exd5 exd5 9. O-O Be7 10. Ng3 g6 11. Qd2 c6 12. Qe3 Kf8 13. Rae1 Nd7 14. Nce2
Re8 15. Nf4 c5 16. c3 Bc6 17. Re2 cxd4 18. cxd4 Nb8 19. Rfe1 h5 20. Bxg6 fxg6
21. Ne6+ Kf7 22. Nc7 Bb4 23. Nxe8 Rxe8 24. Qh6 Bxe1 25. Nxh5 gxh5 26. Qh7+ Kf8
0-1

[Event "Jm KP I 23-24 Letovice-Duras B "]
[Site "?"]
[Date "2024.03.03"]
[Round "54.7"]
[White "Jacko, Tomas"]
[Black "Luc, Martin"]
[Result "1/2-1/2"]
[WhiteElo "2013"]
[BlackElo "1751"]
[PlyCount "32"]
[EventDate "2024.??.??"]

1. d4 Nf6 2. Bf4 d5 3. e3 c5 4. c3 e6 5. Nd2 Bd6 6. Bg3 O-O 7. Ngf3 Qc7 8. Bd3
Nbd7 9. Bxd6 Qxd6 10. O-O e5 11. dxe5 Nxe5 12. Nxe5 Qxe5 13. Nf3 Qd6 14. h3 b6
15. Re1 Bb7 16. Nh4 g6 1/2-1/2

[Event "Jm KP I 23-24 Letovice-Duras B "]
[Site "?"]
[Date "2024.03.03"]
[Round "54.8"]
[White "Fojt, Leos"]
[Black "Marek, Jiri"]
[Result "0-1"]
[WhiteElo "1779"]
[BlackElo "1933"]
[PlyCount "80"]
[EventDate "2024.??.??"]

1. Nc3 d5 2. e4 d4 3. Nce2 c5 4. Nf3 Nc6 5. Ng3 e5 6. Bb5 Bd7 7. Bxc6 Bxc6 8.
Nxe5 Rc8 9. d3 Bd6 10. Nf3 Ne7 11. Qe2 O-O 12. O-O Ng6 13. Nh5 Qc7 14. Ng3 Rfe8
15. Nf5 Bf8 16. b4 b6 17. bxc5 bxc5 18. Rb1 Qd7 19. g4 Bd5 20. a3 Ne7 21. Ne5
Qc7 22. exd5 Nxf5 23. gxf5 Rxe5 24. Qg4 Qd7 25. Bf4 Rxd5 26. Rfe1 Qxf5 27. Qg3
Rd7 28. Re5 Qg6 29. Rg5 Qc6 30. h4 f6 31. Rg4 Re8 32. h5 Qd5 33. Kh2 Qxh5+ 34.
Rh4 Qf5 35. Rg1 Ree7 36. Bh6 Rf7 37. Bf4 g5 38. Rh5 Kh8 39. Bb8 Rb7 40. Bf4
Qxf4 0-1

[Event "Jm KP I 23-24 Loko Brno A-Duras B"]
[Site "?"]
[Date "2024.03.24"]
[Round "55.1"]
[White "Jires, Jiri"]
[Black "Vyskocil, Neklan"]
[Result "1/2-1/2"]
[WhiteElo "2153"]
[BlackElo "2304"]
[PlyCount "81"]
[EventDate "2024.??.??"]

1. e4 c5 2. Nf3 d6 3. d4 cxd4 4. Nxd4 Nf6 5. Nc3 g6 6. Be3 Nc6 7. f3 h5 8. Bc4
Bd7 9. O-O Bg7 10. Qe2 O-O 11. Rad1 Na5 12. Bd3 Rc8 13. h3 a6 14. Nd5 b5 15. c3
e5 16. Nxf6+ Bxf6 17. Nc2 Be6 18. Nb4 Ra8 19. b3 Qc7 20. Qd2 Nb7 21. Rc1 Nc5
22. Be2 Rfd8 23. Rfd1 Rac8 24. Bf1 Qb7 25. Qf2 Kg7 26. Nd5 Bxd5 27. Rxd5 Ne6
28. c4 Nd4 29. f4 b4 30. Bd3 Ne6 31. f5 Nd4 32. fxg6 fxg6 33. Bh6+ Kxh6 34.
Qxf6 Qd7 35. Rf1 Qe6 36. Qxe6 Nxe6 37. Rf6 Nf4 38. Rdxd6 Nxd3 39. Rxg6+ Kh7 40.
Rh6+ Kg7 41. Rhg6+ 1/2-1/2

[Event "Jm KP I 23-24 Loko Brno A-Duras B"]
[Site "?"]
[Date "2024.03.24"]
[Round "55.2"]
[White "Glozar, Petr"]
[Black "Volak, Simon"]
[Result "1/2-1/2"]
[WhiteElo "2149"]
[BlackElo "2118"]
[PlyCount "108"]

1. Nf3 d6 2. d4 Nf6 3. c4 g6 4. Nc3 Bg7 5. e4 O-O 6. Be2 e5 7. dxe5 dxe5 8.
Qxd8 Rxd8 9. Bg5 Re8 10. Nd5 Nxd5 11. cxd5 c6 12. Bc4 cxd5 13. Bxd5 Nd7 14. Rc1
Nf8 15. O-O Ne6 16. Be3 a5 17. Rfd1 h6 18. Nd2 Nf4 19. Bxf4 exf4 20. Rc7 Be6
21. Nc4 Rad8 22. Kf1 b5 23. Nxa5 Bxb2 24. Nc6 Rd6 25. Rb1 Bxd5 26. exd5 Bc3 27.
Ne7+ Kf8 28. Rxc3 Kxe7 29. Rxb5 Ra8 30. a3 Rda6 31. Rb7+ Kd6 32. Rxf7 g5 33.
Rf5 Kd7 34. Rc6 Rxc6 35. dxc6+ Kxc6 36. Rf6+ Kd5 37. Rxh6 Rxa3 38. Rg6 Ke4 39.
f3+ Kf5 40. Rd6 Ra2 41. Rd5+ Kg6 42. Re5 Kf6 43. Re2 Ra5 44. h3 Ra1+ 45. Kf2
Kf5 46. Re8 Ra2+ 47. Kg1 Kg6 48. Kh2 Ra7 49. Rf8 Kg7 50. Rb8 Kg6 51. Rb6+ Kf5
52. Rh6 Rg7 53. Rh8 Rf7 54. Rg8 Kf6 1/2-1/2

[Event "Jm KP I 23-24 Loko Brno A-Duras B"]
[Site "?"]
[Date "2024.03.24"]
[Round "55.3"]
[White "Kratochvil, Karel"]
[Black "Tikovsky, Alexandr"]
[Result "0-1"]
[WhiteElo "2167"]
[BlackElo "2045"]
[PlyCount "98"]

1. e4 c6 2. d3 d5 3. Nd2 g6 4. g3 Bg7 5. Bg2 e5 6. Ngf3 Ne7 7. Qe2 O-O 8. O-O
Nd7 9. b3 d4 10. a4 a5 11. Ba3 b5 12. Bd6 Re8 13. h4 Ba6 14. Ng5 Nc8 15. Ba3 f6
16. Nh3 bxa4 17. bxa4 Ncb6 18. f4 Nxa4 19. h5 Nc3 20. Qg4 gxh5 21. Qxh5 Nb5 22.
Nf2 Nb6 23. Ng4 Nxa3 24. Rxa3 Bc8 25. Bh3 Qe7 26. Rb3 Nd7 27. Nc4 a4 28. Rbb1
Rf8 29. fxe5 fxe5 30. Rxf8+ Nxf8 31. Kg2 Bxg4 32. Bxg4 a3 33. Bf5 a2 34. Ra1
Qb4 35. Qd1 Ra7 36. g4 Ng6 37. Bxg6 hxg6 38. Qc1 Qe7 39. Qb2 Kh7 40. Rxa2 Rxa2
41. Qxa2 Qh4 42. Qa7 Qxg4+ 43. Kf2 Qd1 44. Nxe5 Qxc2+ 45. Kg3 Qd2 46. Qf7 Qe3+
47. Kh4 Qe1+ 48. Kg5 Qd2+ 49. Kg4 Qg2+ 0-1

[Event "Jm KP I 23-24 Loko Brno A-Duras B"]
[Site "?"]
[Date "2024.03.24"]
[Round "55.4"]
[White "Novy, Martin"]
[Black "Meduna, Eduard"]
[Result "1/2-1/2"]
[WhiteElo "2093"]
[BlackElo "2079"]
[PlyCount "107"]

1. e4 c5 2. c3 d5 3. d3 dxe4 4. dxe4 Qxd1+ 5. Kxd1 Bd7 6. Be3 e6 7. Nd2 Bc6 8.
f3 Nd7 9. Nh3 Bd6 10. Kc2 h6 11. Nf2 b6 12. a4 Ne7 13. Bb5 a6 14. Bxc6 Nxc6 15.
h3 Ke7 16. Rhd1 Rhd8 17. Nd3 Na5 18. b3 Rac8 19. Nb2 Bc7 20. Nbc4 Nc6 21. Nb2
a5 22. Ndc4 Nde5 23. Nxe5 Bxe5 24. Nc4 Bc7 25. Rxd8 Rxd8 26. Rd1 Rxd1 27. Kxd1
Kd7 28. Kc2 Ke7 29. Kd3 Kd7 30. g4 g5 31. Ke2 e5 32. Bf2 f6 33. Kd3 Bd8 34. Ne3
Ne7 35. Kc4 Kc6 36. h4 Bc7 37. h5 Bd8 38. Be1 Bc7 39. b4 Bd8 40. bxa5 bxa5 41.
Bf2 Bb6 42. Nd5 Nc8 43. Nxf6 Nd6+ 44. Kd3 c4+ 45. Ke2 Bxf2 46. Kxf2 Nf7 47. Nd5
Kc5 48. Ne3 Nd6 49. Nf5 Nf7 50. Ke2 Kc6 51. Kd2 Kc5 52. Ne3 Nd6 53. Nf5 Nf7 54.
Ke3 1/2-1/2

[Event "Jm KP I 23-24 Loko Brno A-Duras B"]
[Site "?"]
[Date "2024.03.24"]
[Round "55.5"]
[White "Cermak, Jan"]
[Black "Kredl, Karel"]
[Result "1/2-1/2"]
[WhiteElo "2046"]
[BlackElo "2027"]
[PlyCount "70"]

1. e4 c5 2. Nf3 d6 3. Bb5+ Bd7 4. Bxd7+ Nxd7 5. c4 Ngf6 6. Nc3 Ne5 7. d3 e6 8.
Bf4 Nfd7 9. O-O Be7 10. Bg3 O-O 11. Ne1 a6 12. f4 Nc6 13. Nc2 Bf6 14. Bf2 Qc7
15. g4 Rad8 16. Qf3 Nb4 17. Nxb4 cxb4 18. Ne2 Bxb2 19. Rab1 Bc3 20. Nxc3 bxc3
21. Rfc1 Rb8 22. Rxc3 Qa5 23. Rc2 b5 24. cxb5 Rxb5 25. Rxb5 Qxb5 26. Qe2 Rb8
27. Bd4 Qa4 28. Be3 h6 29. Kg2 Qa3 30. Bc1 Qa4 31. Be3 Qb4 32. Qd2 Qb5 33. Bd4
Qa4 34. Be3 Qb5 35. Bd4 Qa4 1/2-1/2

[Event "Jm KP I 23-24 Loko Brno A-Duras B"]
[Site "?"]
[Date "2024.03.24"]
[Round "55.6"]
[White "Chmelicek, Bronislav"]
[Black "Straka, Vojtech"]
[Result "1/2-1/2"]
[WhiteElo "1909"]
[BlackElo "1999"]
[PlyCount "44"]

1. e4 c6 2. d4 d5 3. exd5 cxd5 4. c4 Nf6 5. Nc3 Nc6 6. Nf3 e6 7. cxd5 Nxd5 8.
Bd3 Bb4 9. Bd2 Nf6 10. a3 Ba5 11. Ne4 O-O 12. Bc3 Re8 13. O-O Bxc3 14. bxc3 e5
15. Nxf6+ Qxf6 16. d5 e4 17. Re1 Bf5 18. dxc6 bxc6 19. Bxe4 Bxe4 20. Qd4 Bxf3
21. Qxf6 gxf6 22. gxf3 Rxe1+ 1/2-1/2

[Event "Jm KP I 23-24 Loko Brno A-Duras B"]
[Site "?"]
[Date "2024.03.24"]
[Round "55.7"]
[White "Wunsch, Radek"]
[Black "Zuziak, Petr"]
[Result "0-1"]
[WhiteElo "1965"]
[BlackElo "1884"]
[PlyCount "106"]

1. e4 e5 2. Nf3 Nc6 3. Bb5 Nge7 4. O-O g6 5. c3 Bg7 6. d4 exd4 7. cxd4 O-O 8.
h3 a6 9. Ba4 b5 10. Bb3 d5 11. e5 h6 12. Nc3 Be6 13. a4 b4 14. Ne2 Rb8 15. a5
Rb5 16. Ba4 Rb7 17. Bc2 Bf5 18. Nd2 f6 19. f4 fxe5 20. fxe5 Qc8 21. Nb3 Rb5 22.
Be3 Nd8 23. Nf4 Nb7 24. g4 Bxc2 25. Qxc2 Kh7 26. Kg2 c5 27. Nxc5 Nxc5 28. dxc5
Bxe5 29. Nd3 Bf6 30. Bf4 d4 31. Qd2 Qc6+ 32. Kh2 Bg7 33. Bd6 Rxf1 34. Rxf1 Nc8
35. Nxb4 Qd7 36. Bg3 Rxc5 37. Nxa6 Rc4 38. Rf2 Qb7 39. Nb8 Qd5 40. a6 d3 41.
Qe3 Re4 42. Qc1 Rc4 43. Qe3 Rd4 44. Rd2 Nd6 45. Rd1 Nc4 46. Qf2 Re4 47. a7 Nxb2
48. Rd2 Bd4 49. Qf8 Nc4 50. a8=Q Qxa8 51. Qf7+ Bg7 52. Nd7 Nxd2 53. Nf6+ Kh8
0-1

[Event "Jm KP I 23-24 Loko Brno A-Duras B"]
[Site "?"]
[Date "2024.03.24"]
[Round "55.8"]
[White "Hyrs, Martin"]
[Black "Zabloudil, Radek"]
[Result "0-1"]
[WhiteElo "1894"]
[BlackElo "1962"]
[PlyCount "60"]

1. d4 c5 2. c3 cxd4 3. cxd4 d5 4. Nf3 Bg4 5. Ne5 Bf5 6. Nc3 Nc6 7. Qa4 Bd7 8.
Nxd7 Qxd7 9. e4 e6 10. e5 Bb4 11. Bb5 Nge7 12. O-O Rc8 13. Be3 a6 14. Bxc6 Nxc6
15. Ne2 O-O 16. Rac1 Be7 17. a3 Nxe5 18. Qxd7 Nxd7 19. f4 Nb6 20. Rcd1 Rc2 21.
Rd2 Rfc8 22. Rfd1 Na4 23. b3 Nb2 24. Rb1 Bxa3 25. Rxc2 Rxc2 26. Ng3 Nd3 27. Rd1
Nb4 28. Ra1 Ra2 29. Rb1 Nc2 30. Bf2 Ra1 0-1

[Event "Jm KP I 23-24 Loko Brno B -Letovice"]
[Site "?"]
[Date "2024.03.24"]
[Round "56.1"]
[White "Buchta, Vaclav"]
[Black "Dobes, Dusan"]
[Result "1/2-1/2"]
[WhiteElo "2085"]
[BlackElo "2069"]
[PlyCount "103"]

1. Nf3 d5 2. g3 Nf6 3. Bg2 Nbd7 4. c4 e6 5. O-O Be7 6. d4 O-O 7. Nc3 dxc4 8. e4
c6 9. a4 a5 10. Qe2 b6 11. Rd1 Ba6 12. d5 cxd5 13. exd5 exd5 14. Nxd5 Nxd5 15.
Rxd5 Bf6 16. Qd1 Ra7 17. Bh3 Bc8 18. Nd4 Bxd4 19. Qxd4 Qf6 20. Be3 Qxd4 21.
Bxd4 Nf6 22. Bxf6 Bxh3 23. Rg5 g6 24. Rb5 Rb7 25. Bd4 Rfb8 26. f3 Bd7 27. Re5
Kf8 28. Kf2 Re8 29. Rd5 Re6 30. Rc1 Rc6 31. h4 h5 32. g4 Be6 33. Rg5 hxg4 34.
fxg4 Rd7 35. Bc3 Rd5 36. Rxd5 Bxd5 37. Rd1 Be6 38. Bf6 Rc8 39. Kf3 Kg8 40. Rd6
Rb8 41. Be5 Re8 42. Bd4 Rb8 43. Kf4 Kf8 44. Bf6 Ke8 45. Be5 Rb7 46. h5 gxh5 47.
gxh5 Ke7 48. h6 f6 49. h7 fxe5+ 50. Kxe5 Rb8 51. Rxe6+ Kf7 52. Rxb6 1/2-1/2

[Event "Jm KP I 23-24 Loko Brno B -Letovice"]
[Site "?"]
[Date "2024.03.24"]
[Round "56.2"]
[White "Handl, Martin"]
[Black "Pribyl, Rene"]
[Result "1/2-1/2"]
[WhiteElo "1997"]
[BlackElo "1918"]
[PlyCount "29"]

1. e4 e5 2. Nf3 Nf6 3. Nc3 Nc6 4. Bb5 Bb4 5. O-O O-O 6. d3 d6 7. Bg5 Ne7 8.
Bxf6 gxf6 9. Nh4 Bxc3 10. bxc3 f5 11. exf5 Nxf5 12. Nxf5 Bxf5 13. d4 c6 14. Bd3
Qg5 15. Qf3 1/2-1/2

[Event "Jm KP I 23-24 Loko Brno B -Letovice"]
[Site "?"]
[Date "2024.03.24"]
[Round "56.3"]
[White "Sladek, Vladislav"]
[Black "Sevcik, Leos"]
[Result "0-1"]
[WhiteElo "1934"]
[BlackElo "1995"]
[PlyCount "50"]

1. d4 f5 2. h3 Nf6 3. g4 d5 4. g5 Ne4 5. Bf4 e6 6. Nf3 Bd6 7. Bxd6 Qxd6 8. c3
Nd7 9. Nbd2 b6 10. e3 O-O 11. Bd3 Bb7 12. Qe2 c5 13. Bb5 Bc6 14. Bxc6 Qxc6 15.
O-O-O c4 16. Nxe4 fxe4 17. Nh2 b5 18. a3 a5 19. Kd2 b4 20. axb4 axb4 21. Ra1
bxc3+ 22. bxc3 Rfb8 23. Qd1 Rb2+ 24. Ke1 Rxa1 25. Qxa1 Qb7 0-1

[Event "Jm KP I 23-24 Loko Brno B -Letovice"]
[Site "?"]
[Date "2024.03.24"]
[Round "56.4"]
[White "Moc, Roman"]
[Black "Vesely, Jaromir"]
[Result "1/2-1/2"]
[WhiteElo "1948"]
[BlackElo "1906"]
[PlyCount "87"]

1. e4 e6 2. Nf3 d5 3. Nc3 f5 4. exd5 exd5 5. d4 Nf6 6. Be2 c6 7. Bf4 Bd6 8.
Bxd6 Qxd6 9. Qd2 O-O 10. Ne5 Be6 11. f3 Nbd7 12. Nxd7 Bxd7 13. O-O Rae8 14.
Rfe1 Re7 15. a3 h6 16. Bf1 Rfe8 17. Rxe7 Qxe7 18. Kf2 g5 19. Re1 Qxe1+ 20. Qxe1
Rxe1 21. Kxe1 f4 22. Bd3 Kf7 23. Ne2 Ke6 24. b3 Kd6 25. Kd2 b6 26. c3 Ne8 27.
Bg6 Ng7 28. g3 fxg3 29. Nxg3 Ke7 30. Bd3 Kf6 31. b4 h5 32. Ke1 h4 33. Nf1 Bf5
34. Be2 Ne6 35. Ne3 Nf4 36. Bd1 Bh3 37. Bc2 Ng2+ 38. Kf2 Nxe3 39. Kxe3 b5 40.
a4 Bf5 41. Bd1 a6 42. a5 Bh3 43. Be2 Bf5 44. Bd1 1/2-1/2

[Event "Jm KP I 23-24 Loko Brno B -Letovice"]
[Site "?"]
[Date "2024.03.24"]
[Round "56.5"]
[White "Marsa, Alexandr"]
[Black "Dvoracek, Filip"]
[Result "1-0"]
[WhiteElo "1965"]
[BlackElo "1917"]
[PlyCount "115"]

1. d4 d5 2. c4 c6 3. Nc3 Nf6 4. e3 e6 5. Nf3 Nbd7 6. Bd3 dxc4 7. Bxc4 b5 8. Be2
a6 9. e4 Bb4 10. e5 Nd5 11. Qb3 c5 12. O-O c4 13. Qc2 Bb7 14. a4 Bc6 15. Ne4
Be7 16. Bd2 Qb6 17. axb5 axb5 18. Rxa8+ Bxa8 19. b3 cxb3 20. Qc8+ Qd8 21. Qxd8+
Kxd8 22. Bxb5 Nc7 23. Bd3 Nb8 24. Rb1 Bd5 25. Nc3 Bxf3 26. gxf3 Nc6 27. Rxb3
Kd7 28. Be3 Ra8 29. Be4 Ra1+ 30. Kg2 g6 31. f4 Ra5 32. Rb7 Nd8 33. Rb6 h5 34.
h3 Ba3 35. Kf3 Be7 36. Ke2 Ra6 37. Rxa6 Nxa6 38. d5 exd5 39. Nxd5 Bc5 40. Nf6+
Ke7 41. Bd3 Bxe3 42. fxe3 Nc5 43. Nd5+ Ke6 44. Bc4 Kd7 45. Kf3 Nce6 46. e4 Nd4+
47. Ke3 N8e6 48. Nf6+ Ke7 49. Bxe6 Nxe6 50. f5 Nc5 51. Nd5+ Ke8 52. Nf4 Nd7 53.
fxg6 fxg6 54. e6 Ne5 55. Kd4 Nf3+ 56. Kd5 Ng5 57. h4 Nf3 58. Nxg6 1-0